| 000 | 00808cab a2200241 4500 | ||
|---|---|---|---|
| 001 | ABS57523 | ||
| 008 | 090401t1997 xxu||||| |||| 00| 0 eng d | ||
| 035 | _a(Sirsi) u80618 | ||
| 041 | _aeng | ||
| 100 | _aGaunt, J | ||
| 245 | _aKeep quiet | ||
| 260 | _c1997 | ||
| 350 | _a0 | ||
| 490 |
_aEstates Gazette _v(9735) 30 August 1997, 82-84(3) |
||
| 520 | _aExamines the clauses that bind parties to a commercial transaction to confidentiality, the enforcement of such clauses, how they can be broken and the effect of the Arbitration Act 1996. References. | ||
| 650 | _aARBITRATION ACT 1996 | ||
| 650 | _aCOMMERCIAL TRANSACTIONS | ||
| 650 | _aCONFIDENTIALITY CLAUSES | ||
| 690 | _aMANAGEMENT-BUSINESS MANAGEMENT-PROFESSIONAL PRACTICE | ||
| 700 | _aKing, V. | ||
| 942 | _n0 | ||
| 948 | _c02/09/1997 | ||
| 999 |
_c50749 _d50749 |
||